Terminating a contract for FM services (Record no. 77253)

MARC details
000 -LEADER
fixed length control field 00779cab a2200181 4500
001 - CONTROL NUMBER
control field ##L133897
008 - FIXED-LENGTH DATA ELEMENTS--GENERAL INFORMATION
fixed length control field 060616n2006 000 0 eng u
035 ## - SYSTEM CONTROL NUMBER
System control number (Sirsi) u133897
041 0# - LANGUAGE CODE
Language code of text/sound track or separate title eng
100 1# - MAIN ENTRY--PERSONAL NAME
Personal name Pearson, David
245 00 - TITLE STATEMENT
Title Terminating a contract for FM services
260 ## - PUBLICATION, DISTRIBUTION, ETC.
Date of publication, distribution, etc. 2006
490 #0 - SERIES STATEMENT
Series statement Facilities Management
Volume/sequential designation 13(9) June 2006, 18-19(2)
520 ## - SUMMARY, ETC.
Summary, etc. Looks at the issues involved, including the legal position on fundamental and ordinary breach of contract, the opportunity to remedy breaches, and terms limiting liability for loss. Advises on what a termination notice should include. Also considers termination by the contractor.
590 ## - LOCAL NOTE (RLIN)
Local note IKA200606
690 ## - LOCAL SUBJECT ADDED ENTRY--TOPICAL TERM (OCLC, RLIN)
Topical term or geographic name as entry element MANAGEMENT-FACILITIES MANAGEMENT-PROCUREMENT OF FACILITIES SERVICES
942 ## - ADDED ENTRY ELEMENTS (KOHA)
Suppress in OPAC 0
Holdings
Withdrawn status Lost status Source of classification or shelving scheme Damaged status Not for loan Home library Current library Shelving location Date acquired Total Checkouts Full call number Barcode Date last seen Copy number Price effective from Koha item type
    Dewey Decimal Classification     London London Journal article 16/06/2006   L133897 133897-1001 06/08/2019 1 06/08/2019 Journal article